| Tag |
First Indicator |
Second Indicator |
Subfields |
| LEADER |
00000cam a2200000 4500 |
| 001 |
in00000042427 |
| 005 |
20151007072718.0 |
| 008 |
740621s1952 nyua 00000 eng u |
| 010 |
|
|
|a 52010994
|
| 035 |
|
|
|a (OCoLC)00926229
|
| 035 |
|
|
|9 AAE8415AM
|
| 040 |
|
|
|c CIN
|d TXA
|d UtOrBLW
|
| 049 |
|
|
|a TXAM
|c [217465]
|
| 050 |
0 |
0 |
|a QK475
|b .L33
|
| 082 |
0 |
|
|a 582.16
|
| 092 |
|
|
|a 582.16
|b L265s
|
| 100 |
1 |
|
|a Lane, Ferdinand C.
|q (Ferdinand Cole),
|d 1885-
|
| 245 |
1 |
4 |
|a The story of trees.
|
| 250 |
|
|
|a [1st ed.].
|
| 264 |
|
1 |
|a Garden City, N.Y. :
|b Doubleday,
|c 1952.
|
| 300 |
|
|
|a 384 pages :
|b illustrations ;
|c 24 cm.
|
| 336 |
|
|
|a text
|b txt
|2 rdacontent
|
| 337 |
|
|
|a unmediated
|b n
|2 rdamedia
|
| 338 |
|
|
|a volume
|b nc
|2 rdacarrier
|
| 650 |
|
0 |
|a Trees.
|
| 650 |
|
0 |
|a Forests and forestry.
|
| 999 |
|
|
|a MARS
|
| 999 |
f |
f |
|s 1bea33e6-799d-38cf-90a1-1cd2b8f01835
|i 75a2b02f-a05a-3753-9745-53bf9b745b61
|t 0
|
| 952 |
f |
f |
|p ric
|a Texas A&M University
|b Rellis Campus
|c Joint Library Facility
|d Remote Storage
|t 0
|e QK475 .L33
|h Library of Congress classification
|i unmediated -- volume
|m A14800995430
|
| 998 |
f |
f |
|a QK475 .L33
|t 0
|l Remote Storage
|